Change management and innovation. Explanation and possibilities of product-innovations with regard to the Internet

Bibliographic Details
Main Author: Wörman, Dennis (Author)
Format: Article
Language:Slovak
English
PhysicalDescription:Sch., tab.
ISSN:1335-7069
Subjects:

MARC

LEADER 00000nab a2200000 a 4500
001 vtls008632989
003 SK-MaSNL
005 20260304135721.0
008 250505c2005 xo fr|p|||||||000 b|slo
015 |a SNBRB2006/03  |2 snkbucl 
035 |a (uuid)76fe0428-7b0a-43ef-babf-11a3f74fe7df 
035 |a urn:nbn:sk:snk-abf4p0 
035 |a (urnnbn)urn:nbn:sk:snk:ar-a09oo8 
038 |a SNKBUCL 
040 |a SNKBUCL  |b slo  |c SNKBUCL  |e AACR2 
041 0 |a eng  |b slo 
044 |a xo  |c SK 
080 |a 658.589:004.738.5  |2 1997 
080 |a 004.738.5  |2 1997 
100 1 |a Wörman, Dennis  |4 aut  |9 1455275 
245 1 0 |a Change management and innovation. Explanation and possibilities of product-innovations with regard to the Internet  |c Dennis Wörmann 
246 3 1 |a Manažment zmien a inovácia. Možnosti inovácií produktu s ohľadom na internet 
300 |b Sch., tab. 
504 |a Bibliogr. odkazy 
546 |a Súbežný názov slov. ; res. slov. 
650 0 7 |a inovácie  |2 snkbucl  |9 2291 
650 0 7 |a manažment zmeny  |2 snkbucl  |9 934 
650 0 7 |a internet  |2 snkbucl  |9 1833 
773 0 |t Ekonomika a spoločnosť = Journal of Economics and Social Research  |g Roč. 6, č. 2 (2005), s. 124-135  |x 1335-7069 
850 |a Slovenská národná knižnica 
852 |a Slovenská národná knižnica 
958 |a article27 
958 |a NB 
958 |a OND 
958 |a EUIPO 
999 |c 2911968  |d 2913898